| 000 | 00337 a2200109 4500 | ||
|---|---|---|---|
| 020 | _a9780821372111 | ||
| 082 | _a307.12160951 | ||
| 100 | _ashahid Yusuf | ||
| 245 |
_aChina Urbanizes Consequences, Strategies, and Policies _cSaich, Tony |
||
| 260 |
_aWashington : _bThe World Bank, _c2008 |
||
| 300 |
_axiii, 213p. : _bill ., ; _c29 cm |
||
| 650 | _aCity Planning -- China | ||
| 999 |
_c252 _d252 |
||